[Event "Championnat de France des Jeunes - Pupil"]
[Site "LA ROCHE SUR YON"]
[Date "2008.04.27"]
[Round "9.1"]
[White "Grandadam, Patrick"]
[Black "Viennot, Dylan"]
[Result "1/2-1/2"]
[WhiteElo "1965"]
[BlackElo "1774"]
[PlyCount "132"]
[EventDate "2008.??.??"]

1. Nf3 Nf6 2. c4 g6 3. Nc3 Bg7 4. e4 d6 5. d4 O-O 6. Be2 c5 7. O-O cxd4 8. Nxd4
Nc6 9. Be3 Nxd4 10. Bxd4 Bd7 11. f3 a5 12. Qd2 Bc6 13. b3 Nd7 14. Be3 Nc5 15.
Rab1 Qc7 16. Rfc1 e6 17. Bd1 Rfd8 18. a3 b6 19. b4 axb4 20. axb4 Nd7 21. Qf2
Rdb8 22. Nb5 Bxb5 23. cxb5 Qd8 24. Rc6 Bf8 25. h4 Rb7 26. h5 Rab8 27. hxg6 hxg6
28. f4 Nf6 29. Bf3 d5 30. e5 Ne4 31. Qe1 Bh6 32. Bxe4 dxe4 33. Rd1 Qe7 34. Rdd6
Bf8 35. Rxb6 Rxb6 36. Bxb6 Qe8 37. Rc6 Qd7 38. Qxe4 Qd1+ 39. Kh2 Qh5+ 40. Kg1
Qd1+ 41. Kh2 Qh5+ 42. Kg3 Be7 43. Kf2 Qh4+ 44. Ke2 g5 45. Kd3 gxf4 46. Kc4 Qh1
47. Qxf4 Qxg2 48. Qd4 Qc2+ 49. Qc3 Qe2+ 50. Kb3 Qxb5 51. Rc8+ Rxc8 52. Qxc8+
Kg7 53. Bc5 Qd3+ 54. Ka4 Qc2+ 55. Kb5 Qd3+ 56. Kb6 Bd8+ 57. Kb7 Qb5+ 58. Ka7
Qa4+ 59. Qa6 Qd7+ 60. Qb7 Qa4+ 61. Kb8 Qe8 62. Bd6 Ba5+ 63. Ka7 Qa4 64. b5 Qd4+
65. b6 Qxb6+ 66. Qxb6 Bxb6+ 1/2-1/2

[Event "Championnat de France des Jeunes - Pupil"]
[Site "LA ROCHE SUR YON"]
[Date "2008.04.27"]
[Round "9.2"]
[White "Gautier, Clement"]
[Black "Gelas, Christophe"]
[Result "0-1"]
[WhiteElo "1811"]
[BlackElo "1813"]
[PlyCount "112"]
[EventDate "2008.??.??"]

1. e4 c5 2. Nc3 Nc6 3. g3 g6 4. Bg2 Bg7 5. d3 d6 6. Be3 e6 7. Qd2 Qa5 8. Nge2
Nd4 9. Nc1 Ne7 10. O-O Nec6 11. Nb3 Qb4 12. f4 O-O 13. Kh1 a5 14. Rab1 a4 15.
Nc1 Na7 16. a3 Qa5 17. Rf2 b5 18. N3a2 Qxd2 19. Rxd2 Nac6 20. c3 Nb3 21. Nxb3
axb3 22. Nc1 b4 23. axb4 cxb4 24. cxb4 Ba6 25. e5 d5 26. Bc5 Rfb8 27. Nxb3 Nxb4
28. Bd6 Bxd3 29. Rbd1 Bc2 30. Bxb8 Bxd1 31. Rxd1 Rxb8 32. Nd4 Ra8 33. h3 Bf8
34. Bf1 Bc5 35. Bb5 Ra2 36. b3 Rb2 37. Ba4 Na2 38. Nb5 Bf2 39. Kg2 g5 40. Kf3
h6 41. Nd6 Bc5 42. Kg4 gxf4 43. gxf4 Rg2+ 44. Kf3 Rf2+ 45. Kg3 Nc3 46. Rd3 Ne2+
47. Kg4 Rxf4+ 48. Kh5 Rxa4 49. bxa4 Nf4+ 50. Kxh6 Nxd3 51. Nc8 Be3+ 52. Kh5
Nxe5 53. Ne7+ Kh8 54. Kh4 Bd4 55. Nc8 Ng6+ 56. Kg3 Be5+ 0-1

[Event "Championnat de France des Jeunes - Pupil"]
[Site "LA ROCHE SUR YON"]
[Date "2008.04.27"]
[Round "9.3"]
[White "Bruez, Cyriaque"]
[Black "Purenne, Benoit"]
[Result "0-1"]
[WhiteElo "1627"]
[BlackElo "1877"]
[PlyCount "56"]
[EventDate "2008.??.??"]

1. e4 c5 2. Nf3 e6 3. d4 cxd4 4. Nxd4 a6 5. Nc3 Qc7 6. a3 Nf6 7. Bd3 d6 8. Be3
Be7 9. O-O Nbd7 10. Nb3 b5 11. f3 Bb7 12. Qe2 O-O 13. Rac1 Rac8 14. Na2 d5 15.
exd5 Nxd5 16. Bd2 Bf6 17. Ba5 Qf4 18. Bd2 Qd6 19. Rb1 Rfd8 20. Nb4 Ne5 21. Rfc1
Nc4 22. Bxc4 bxc4 23. Nxd5 Bxd5 24. Bb4 Qb6+ 25. Bc5 Qc6 26. Bd4 cxb3 27. Bxf6
gxf6 28. cxb3 Qb6+ 0-1

[Event "Championnat de France des Jeunes - Pupil"]
[Site "LA ROCHE SUR YON"]
[Date "2008.04.27"]
[Round "9.4"]
[White "Giroyan, Gary"]
[Black "Lamard, Guillaume"]
[Result "1-0"]
[WhiteElo "2047"]
[BlackElo "2024"]
[PlyCount "69"]
[EventDate "2008.??.??"]

1. e4 c5 2. Nf3 Nc6 3. d4 cxd4 4. Nxd4 Nf6 5. Nc3 e5 6. Ndb5 d6 7. Nd5 Nxd5 8.
exd5 Nb8 9. c4 Be7 10. Bd3 a6 11. Nc3 O-O 12. O-O f6 13. f3 Nd7 14. Be3 g6 15.
b4 b6 16. Qd2 Bb7 17. Rac1 Rc8 18. Rc2 a5 19. a3 Ba6 20. Nb5 f5 21. Bf2 Kg7 22.
Na7 Rc7 23. Nc6 Rxc6 24. dxc6 Nf6 25. Rb1 a4 26. c5 Bxd3 27. Qxd3 bxc5 28. bxc5
d5 29. Rb7 Rf7 30. Re2 e4 31. fxe4 dxe4 32. Qxd8 Bxd8 33. Bd4 Kf8 34. Rb8 Ke7
35. Bxf6+ 1-0

[Event "Championnat de France des Jeunes - Pupil"]
[Site "LA ROCHE SUR YON"]
[Date "2008.04.27"]
[Round "9.5"]
[White "Kambrath, Yannick"]
[Black "Valente, Alexandre"]
[Result "1/2-1/2"]
[WhiteElo "1670"]
[BlackElo "1910"]
[PlyCount "72"]
[EventDate "2008.??.??"]

1. d4 Nf6 2. Bf4 g6 3. e3 Bg7 4. Nf3 O-O 5. h3 d6 6. Be2 Nbd7 7. O-O Ne8 8. c4
e5 9. Bh2 f5 10. dxe5 dxe5 11. Nxe5 Qe7 12. Nd3 Nc5 13. Nc3 Ne4 14. Qc2 Nxc3
15. bxc3 Nf6 16. Nf4 c6 17. Bd3 Be6 18. c5 Rfd8 19. Nxe6 Qxe6 20. Rab1 Nd7 21.
Qe2 Kh8 22. Bc4 Qf6 23. Bd6 b6 24. Bc7 Rdc8 25. cxb6 axb6 26. Bxb6 c5 27. Bd5
Nxb6 28. Bxa8 Rxa8 29. Qb5 Na4 30. Qb7 Rd8 31. c4 Nc3 32. Rb6 Qf8 33. Ra6 Rb8
34. Qc6 Rc8 35. Qb7 Rb8 36. Qc6 Rc8 1/2-1/2

[Event "Championnat de France des Jeunes - Pupil"]
[Site "LA ROCHE SUR YON"]
[Date "2008.04.27"]
[Round "9.1"]
[White "Massard, Aurelie"]
[Black "Navrotescu, Andreea-Cristiana"]
[Result "1/2-1/2"]
[WhiteElo "1630"]
[BlackElo "1723"]
[PlyCount "68"]
[EventDate "2008.??.??"]

1. e4 c5 2. Nc3 Nc6 3. f4 g6 4. Nf3 Bg7 5. Bb5 Nd4 6. O-O a6 7. Bc4 e6 8. e5 b5
9. Bb3 Nxb3 10. axb3 Bb7 11. d3 Ne7 12. Qe1 d5 13. exd6 Qxd6 14. Ne4 Qc7 15.
Ne5 Nf5 16. Ng5 O-O 17. Nexf7 Qc6 18. Qe4 Rxf7 19. Nxf7 Kxf7 20. g4 Bd4+ 21.
Kg2 Qxe4+ 22. dxe4 Bxe4+ 23. Kh3 Nd6 24. c3 Bg7 25. Be3 c4 26. b4 Bd3 27. Rfc1
Ne4 28. Ra3 e5 29. fxe5 Bxe5 30. Rca1 g5 31. Kg2 Nf6 32. Rxa6 Rb8 33. Bxg5 Nxg4
34. h3 Be4+ 1/2-1/2

[Event "Championnat de France des Jeunes - Pupil"]
[Site "LA ROCHE SUR YON"]
[Date "2008.04.27"]
[Round "9.2"]
[White "Rigolot, Lucie"]
[Black "Fischer, Julie"]
[Result "1-0"]
[WhiteElo "1723"]
[BlackElo "1671"]
[PlyCount "107"]
[EventDate "2008.??.??"]

1. e4 c5 2. Nf3 e6 3. b3 d5 4. exd5 exd5 5. Bb5+ Bd7 6. Bxd7+ Qxd7 7. O-O Nf6
8. d4 Be7 9. dxc5 Bxc5 10. Re1+ Be7 11. Ba3 Nc6 12. Ne5 Nxe5 13. Rxe5 Ng8 14.
Rxd5 Qc7 15. Bxe7 Nxe7 16. Rd3 O-O 17. c4 Rad8 18. Nc3 Rxd3 19. Qxd3 Rd8 20.
Qe2 Ng6 21. Nd5 Qd6 22. g3 b5 23. Re1 Kf8 24. Ne3 bxc4 25. Nxc4 Qf6 26. Qe3 Qa6
27. Qc5+ Kg8 28. Qc7 Rc8 29. Qd7 Rf8 30. a4 h6 31. Qd6 Qb7 32. b4 Qc8 33. Ne3
Qc3 34. Rd1 Ne5 35. b5 Nc4 36. Qc5 Qb3 37. Qxc4 Qb2 38. Qd4 Qe2 39. Nf5 f6 40.
Qd3 Qg4 41. f3 Qh3 42. Qc4+ Kh7 43. Qg4 Qxg4 44. fxg4 Re8 45. Rd7 Re4 46. Rxg7+
Kh8 47. Rxa7 Rxg4 48. b6 Rb4 49. b7 Rb1+ 50. Kg2 Rb2+ 51. Kh3 h5 52. Ra8+ Kh7
53. b8=Q Rxb8 54. Rxb8 1-0

[Event "Championnat de France des Jeunes - Pupil"]
[Site "LA ROCHE SUR YON"]
[Date "2008.04.27"]
[Round "9.3"]
[White "Pouillart, Cecile"]
[Black "Bellaiche, Elise"]
[Result "0-1"]
[WhiteElo "1640"]
[BlackElo "1714"]
[PlyCount "72"]
[EventDate "2008.??.??"]

1. e4 c6 2. d4 d5 3. Nc3 dxe4 4. Nxe4 Bf5 5. Ng3 Bg6 6. h4 h5 7. Nf3 Nd7 8. Bd3
Bxd3 9. Qxd3 Ngf6 10. Ng5 e6 11. Qb3 Nb6 12. Be3 Qc7 13. O-O-O O-O-O 14. Nf1
Rd5 15. c4 Rd7 16. Nd2 g6 17. Ndf3 Ng4 18. Ne5 Nxe5 19. dxe5 Bg7 20. Bxb6 Rxd1+
21. Rxd1 axb6 22. Qa3 Qxe5 23. g3 Bh6 24. f4 Bxg5 25. hxg5 Qb8 26. Qe3 Qc7 27.
Qc3 Rd8 28. Rxd8+ Qxd8 29. Qg7 Qd7 30. Qf8+ Kc7 31. Kc2 e5 32. fxe5 Qf5+ 33.
Kb3 Qd3+ 34. Kb4 c5+ 35. Ka4 Qxc4+ 36. Ka3 Qb4# 0-1

[Event "Championnat de France des Jeunes - Pupil"]
[Site "LA ROCHE SUR YON"]
[Date "2008.04.27"]
[Round "9.4"]
[White "Bekhouche, Marion"]
[Black "Kambrath, Linda"]
[Result "1-0"]
[WhiteElo "1697"]
[BlackElo "1570"]
[PlyCount "67"]
[EventDate "2008.??.??"]

1. d4 d5 2. c4 e6 3. Nc3 Nf6 4. Nf3 Nbd7 5. e3 c6 6. cxd5 cxd5 7. Bd3 Bd6 8.
O-O O-O 9. Bd2 b6 10. Nb5 Ba6 11. Rc1 Qe7 12. Qe2 h6 13. Nxd6 Bxd3 14. Qxd3
Qxd6 15. a3 a5 16. Rc2 Ne4 17. Rfc1 Nxd2 18. Qxd2 Ra7 19. Rc6 Qe7 20. a4 f6 21.
Qd3 Re8 22. Nh4 Rb8 23. Rc8+ Rxc8 24. Rxc8+ Nf8 25. Ng6 Qb4 26. Rxf8+ Qxf8 27.
Nxf8 Rc7 28. h3 Kxf8 29. Qa3+ Kf7 30. Qd6 Rc4 31. Qxb6 Rxa4 32. Qc7+ Kf8 33.
Qd8+ Kf7 34. Qd7+ 1-0

[Event "Championnat de France des Jeunes - Pupil"]
[Site "LA ROCHE SUR YON"]
[Date "2008.04.27"]
[Round "9.5"]
[White "Susini, Lisa"]
[Black "Dol, Cecile"]
[Result "1/2-1/2"]
[WhiteElo "1520"]
[BlackElo "1630"]
[PlyCount "40"]
[EventDate "2008.??.??"]

1. e4 e6 2. d4 d6 3. Nd2 c5 4. c3 Nc6 5. Ne2 Qb6 6. Nb3 cxd4 7. cxd4 Nf6 8. e5
Nd7 9. Nc3 Be7 10. Be2 O-O 11. O-O f6 12. Be3 Qc7 13. f4 b6 14. Qd2 Bb7 15. a3
Rac8 16. Rac1 Rf7 17. Rf2 Rcf8 18. Rcf1 Kh8 19. Kh1 Kg8 20. Kg1 Kh8 1/2-1/2

[Event "Championnat de France des J - Benjamins"]
[Site "LA ROCHE SUR YON"]
[Date "2008.04.20"]
[Round "1.6"]
[White "Savalle, Alexandre"]
[Black "Ider, Borya"]
[Result "0-1"]
[WhiteElo "1776"]
[BlackElo "2074"]
[Annotator "Salaun,Michel"]
[PlyCount "74"]
[EventDate "2008.04.20"]
[EventType "swiss"]
[EventRounds "1"]
[EventCountry "FRA"]

1. e4 c6 2. d4 d5 3. Nc3 g6 4. e5 Bg7 5. Bd3 f6 6. f4 Nh6 7. Nf3 O-O 8. O-O Qb6
9. Na4 Qc7 10. c4 Bf5 11. Bxf5 Nxf5 12. cxd5 cxd5 13. g4 Nh6 14. h3 b6 15. Be3
Na6 16. Rc1 Qd7 17. Nc3 Nc7 18. Qd2 f5 19. g5 Nf7 20. h4 h5 21. gxh6 Nxh6 22.
Nh2 e6 23. Qg2 Kf7 24. Kh1 Rg8 25. Ne2 Bf8 26. Rg1 Be7 27. Qh3 Rh8 28. Bf2 Rag8
29. Nc3 Rg7 30. Nd1 Rgh7 31. Ne3 Bxh4 32. Bxh4 Ng4 33. Nexg4 Rxh4 34. Qc3 fxg4
35. Rg2 Nb5 36. Qe3 Rh3 37. Qd2 g3 0-1

[Event "Championnat de France des J - Benjamins"]
[Site "LA ROCHE SUR YON"]
[Date "2008.04.20"]
[Round "1.7"]
[White "Netzer, Jacques"]
[Black "Chauvet, Vincent"]
[Result "1-0"]
[WhiteElo "2059"]
[BlackElo "1770"]
[Annotator "Salaun,Michel"]
[PlyCount "85"]
[EventDate "2008.04.20"]
[EventType "swiss"]
[EventRounds "1"]
[EventCountry "FRA"]

1. e4 b6 2. d4 Bb7 3. Bd3 e6 4. Nf3 d5 5. e5 c5 6. c3 c4 7. Bc2 Bc6 8. Ng5 Be7
9. h4 Bxg5 10. hxg5 g6 11. Be3 Na6 12. Qf3 Qd7 13. Rh4 O-O-O 14. Qh3 Ne7 15.
Rxh7 Rxh7 16. Qxh7 Rf8 17. g4 Qe8 18. Qh3 Rh8 19. Qf3 Rh7 20. Nd2 Qh8 21. O-O-O
b5 22. Qf6 Qf8 23. Nf1 Nc7 {(=)} 24. Ng3 a5 25. Qf3 Rh8 26. Bd2 Na6 27. Rh1 Be8
28. Rh6 Qg7 29. Qf6 Qxf6 30. exf6 Rg8 31. fxe7 Kd7 32. f4 Kxe7 33. f5 Nc7 34.
Bf4 Kd8 35. Bxc7+ Kxc7 36. fxg6 fxg6 37. Ne2 b4 38. Nf4 bxc3 39. bxc3 Kd6 40.
Bxg6 Ba4 41. Bf7 Rxg5 42. Rxe6+ Kd7 43. Be8+ 1-0

[Event "Championnat de France des J - Benjamins"]
[Site "LA ROCHE SUR YON"]
[Date "2008.04.20"]
[Round "1.8"]
[White "Jaouen, Valentin"]
[Black "Ane, Cedric"]
[Result "0-1"]
[WhiteElo "1765"]
[BlackElo "2020"]
[Annotator "Salaun,Michel"]
[PlyCount "96"]
[EventDate "2008.04.20"]
[EventType "swiss"]
[EventRounds "1"]
[EventCountry "FRA"]

1. e4 c5 2. Nf3 Nc6 3. d4 cxd4 4. Nxd4 Qb6 5. Nb3 Nf6 6. Nc3 e6 7. Be3 Qc7 8.
f3 Bb4 9. Bd2 a6 10. a3 Bd6 11. g3 O-O 12. Be3 Be7 13. Bg2 b5 14. O-O Bb7 15.
Bf2 Ne5 16. Nd2 d6 17. Qe2 Rac8 18. Rfe1 Nc4 19. Nxc4 Qxc4 20. Qxc4 Rxc4 21. e5
dxe5 22. Rxe5 Rd8 23. f4 Bxg2 24. Kxg2 Rd2 25. Rc1 b4 26. axb4 Bxb4 27. Re3 Ng4
28. Rf3 Bc5 29. Nd1 Nxf2 30. Nxf2 Rcxc2 31. Rxc2 Rxc2 32. b3 Kf8 33. Kf1 Bxf2
34. Rxf2 Rxf2+ 35. Kxf2 Ke7 36. Ke3 Kd6 37. Kd4 f6 38. Kc4 e5 39. fxe5+ fxe5
40. Kc3 {(=)} Kd5 41. Kd3 a5 42. h4 h5 43. Ke3 e4 44. Ke2 Kd4 45. Kd2 e3+ 46.
Kc2 Ke4 47. Kd1 Kf3 48. Ke1 e2 0-1

[Event "Championnat de France des J - Benjamins"]
[Site "LA ROCHE SUR YON"]
[Date "2008.04.20"]
[Round "1.9"]
[White "Loiseau, Quentin"]
[Black "Viers, Emmanuel"]
[Result "1-0"]
[WhiteElo "2012"]
[BlackElo "1762"]
[Annotator "Salaun,Michel"]
[PlyCount "95"]
[EventDate "2008.04.20"]
[EventType "swiss"]
[EventRounds "1"]
[EventCountry "FRA"]

1. Nf3 c5 2. c4 Nc6 3. d4 cxd4 4. Nxd4 g6 5. e4 Bg7 6. Be3 Nf6 7. Nc3 O-O 8.
Be2 d6 9. O-O Bd7 10. Rb1 Nxd4 11. Bxd4 Bc6 12. f3 a5 13. b3 Nd7 14. a3 Bxd4+
15. Qxd4 Qb6 16. Qxb6 Nxb6 17. Kf2 a4 18. b4 Rfc8 19. Rfc1 Bd7 20. Nd5 Nxd5 21.
exd5 b6 22. Ke3 Ra7 23. Rc3 Rac7 24. Rbc1 e6 25. dxe6 fxe6 26. Rd1 d5 27. Kd4
Kf7 28. Bd3 Kf6 29. f4 Be8 30. Rdc1 dxc4 {(=)} 31. Rxc4 Rxc4+ 32. Rxc4 Rd8+ 33.
Ke3 Bb5 34. Rd4 Rxd4 35. Kxd4 Bxd3 36. Kxd3 Kf5 37. g3 g5 38. fxg5 Kxg5 39. h3
b5 40. Ke4 Kf6 41. Kf4 e5+ 42. Ke4 Ke6 43. g4 h6 44. h4 Kf6 45. g5+ hxg5 46.
hxg5+ Kxg5 47. Kxe5 Kg4 48. Kd5 1-0

[Event "Championnat de France des J - Benjamins"]
[Site "LA ROCHE SUR YON"]
[Date "2008.04.20"]
[Round "1.10"]
[White "Banos-Robles, Romain"]
[Black "Godart, Francois"]
[Result "0-1"]
[WhiteElo "1760"]
[BlackElo "2002"]
[Annotator "Salaun,Michel"]
[PlyCount "66"]
[EventDate "2008.04.20"]
[EventType "swiss"]
[EventRounds "1"]
[EventCountry "FRA"]

1. e4 c6 2. d3 d5 3. Nd2 g6 4. Ngf3 Bg7 5. g3 e5 6. Bg2 Ne7 7. O-O O-O 8. c3 d4
9. cxd4 exd4 10. Nb3 Na6 11. Bf4 h6 12. Be5 c5 13. Bxg7 Kxg7 14. Rc1 b6 15.
Nfd2 Bb7 16. f4 Nb4 17. f5 f6 18. fxg6 Nxd3 19. Ra1 Ne5 20. Qc2 Ba6 21. Rfe1 c4
22. Nc1 b5 23. Nf3 Qa5 24. Rf1 d3 25. Qc3 b4 26. Qd2 Ng4 27. Nh4 Qb6+ 28. Kh1
Rac8 29. h3 c3 30. bxc3 bxc3 31. Qf4 d2 32. Nb3 Bxf1 33. Rxf1 Ne3 0-1

[Event "Championnat de France des Jeunes - Pupi"]
[Site "LA ROCHE SUR YON"]
[Date "2008.04.20"]
[Round "1.6"]
[White "Pouillart, Cecile"]
[Black "Veyssade, Laura"]
[Result "1-0"]
[WhiteElo "1640"]
[BlackElo "1340"]
[Annotator "Salaun,Michel"]
[PlyCount "111"]
[EventDate "2008.04.24"]
[EventType "swiss"]
[EventRounds "6"]
[EventCountry "FRA"]

1. e4 d6 2. d4 g6 3. Nc3 Bg7 4. Be3 Nd7 5. Nf3 e6 6. Be2 Ne7 7. Qd2 O-O 8. Bh6
e5 9. Bxg7 Kxg7 10. d5 b6 11. h4 h6 {(=)} 12. Nh2 Ng8 13. O-O-O Qxh4 14. Ng4
Qg5 15. Qxg5 hxg5 16. Nb5 Ba6 {(=)} 17. Bd3 Bxb5 18. Bxb5 Ndf6 19. Nxf6 Nxf6
20. f3 g4 21. Rd3 Rh8 22. Rdd1 Rxh1 23. Rxh1 Rh8 24. Rxh8 Kxh8 25. Kd2 gxf3 {
(=)} 26. gxf3 Nh5 27. a4 a5 28. Kc3 Nf4 29. Bd7 f5 30. Kc4 fxe4 31. fxe4 g5 32.
Kb5 Nh5 33. Bh3 Nf6 34. Bg2 g4 35. Kc6 g3 36. Kxc7 Kg7 37. Kxd6 Kf7 38. Kxe5
Ng4+ 39. Kf4 Nf6 40. Kxg3 Ke7 41. e5 Ng8 42. Kf4 Kd7 43. Bh3+ Ke7 44. d6+ Kd8
45. Ke4 Ke8 46. e6 Nf6+ 47. Ke5 Ng8 48. Kd5 Kd8 49. Kc6 Ke8 50. Kc7 Nf6 51. d7+
Nxd7 52. exd7+ Kf7 53. d8=Q Kg6 54. Qf8 Kh5 55. Qg7 Kh4 56. Qg4# 1-0

[Event "Championnat de France des Jeunes - Pupi"]
[Site "LA ROCHE SUR YON"]
[Date "2008.04.20"]
[Round "1.7"]
[White "Ponti-Simonis, Valentine"]
[Black "Dol, Cecile"]
[Result "0-1"]
[WhiteElo "1330"]
[BlackElo "1630"]
[Annotator "Salaun,Michel"]
[PlyCount "56"]
[EventDate "2008.04.24"]
[EventType "swiss"]
[EventRounds "6"]
[EventCountry "FRA"]

1. e4 e6 2. d4 d5 3. exd5 exd5 4. c3 Bd6 5. Bd3 Nf6 6. Nf3 Bg4 7. h3 Bh5 8. Be3
O-O 9. Nbd2 Re8 10. O-O c6 11. Qc2 Nbd7 12. Rfe1 Qc7 13. Ng5 h6 14. Nh7 Rac8
15. Nxf6+ Nxf6 16. Bf5 Rcd8 17. Bd3 b6 18. Rac1 Re7 19. Be2 Bg6 20. Bd3 Bxd3
21. Qxd3 Rde8 22. c4 Bf4 23. cxd5 Nxd5 24. Qb1 Bxe3 25. fxe3 Rxe3 26. Rxe3 Nxe3
27. Re1 Qg3 28. Qd3 Qxg2# 0-1

[Event "Championnat de France des Jeunes - Pupi"]
[Site "LA ROCHE SUR YON"]
[Date "2008.04.20"]
[Round "1.6"]
[White "Klein, Romain"]
[Black "Mirimanian, Haik"]
[Result "0-1"]
[WhiteElo "1580"]
[BlackElo "1832"]
[Annotator "Salaun,Michel"]
[PlyCount "142"]
[EventDate "2008.04.24"]
[EventType "swiss"]
[EventRounds "6"]
[EventCountry "FRA"]

1. e4 c5 2. Nf3 Nc6 3. d4 cxd4 4. Nxd4 d6 5. Bc4 g6 6. O-O Bg7 7. Be3 Nf6 8.
Nc3 O-O 9. h3 Bd7 10. Re1 a6 11. a4 Rc8 12. Qd2 Nxd4 13. Qxd4 Qc7 14. Bb3 Ng4
15. Qd3 Bxc3 16. bxc3 Ne5 17. Qd1 Qxc3 18. Bd4 Qc7 19. Qd2 Be6 20. Bxe6 fxe6
21. Qh6 Rf7 22. c3 Nd7 23. f4 e5 24. Be3 exf4 25. Bxf4 Rcf8 26. Bd2 Nc5 27. Ra3
Nd3 28. Rb1 Qc5+ 29. Qe3 Qxa3 30. Qxd3 Qc5+ 31. Be3 Qc6 32. Bh6 Rc8 33. Bd2 e6
34. Rd1 Qc5+ 35. Kh1 Rd8 36. Qg3 d5 37. Qe5 Qf2 38. Qg5 Rdd7 39. Rb1 dxe4 40.
Be3 Qf6 41. Qg4 Qf5 42. Qg3 Rd3 43. Re1 e5 44. Qh4 Rfd7 45. Kh2 Rd1 46. Re2 Qh5
47. Qxh5 gxh5 48. Bg5 Kf7 49. Rxe4 Ke6 50. Rh4 R1d3 51. Rxh5 Rxc3 52. Rh4 b5
53. axb5 axb5 54. Rb4 Rd5 55. Bh4 Rc4 56. Rxc4 bxc4 57. Be1 Rd3 58. Bb4 c3 59.
Bxc3 Rxc3 60. Kg1 e4 61. Kf2 Kf5 62. g3 h5 63. Kg2 e3 64. Kf3 Kg5 65. h4+ Kf5
66. Ke2 Kg4 67. Kf1 Kf3 68. Kg1 e2 69. Kh2 e1=Q 70. g4 Rc2+ 71. Kh3 hxg4# 0-1

[Event "Championnat de France des Jeunes - Pupi"]
[Site "LA ROCHE SUR YON"]
[Date "2008.04.20"]
[Round "1.8"]
[White "Cogan, Nicolas"]
[Black "Kirk, Ezra"]
[Result "1/2-1/2"]
[WhiteElo "1570"]
[BlackElo "1823"]
[Annotator "Salaun,Michel"]
[PlyCount "93"]
[EventDate "2008.04.24"]
[EventType "swiss"]
[EventRounds "6"]
[EventCountry "FRA"]

1. d4 Nf6 2. c4 e6 3. Nc3 d5 4. cxd5 exd5 5. Bf4 Bb4 6. e3 Nbd7 7. Bd3 O-O 8.
a3 Bxc3+ 9. bxc3 c5 10. Nf3 Qa5 11. Qd2 Re8 12. O-O Ne4 13. Bxe4 dxe4 14. Ne5
Nxe5 15. Bxe5 Be6 16. Qc2 Bc4 17. Rfd1 Bd3 18. Qb3 Qa6 19. Rd2 Rac8 20. Rb2 b6
21. Rc1 cxd4 22. Bxd4 Qa5 23. Qb4 Qg5 24. Qd6 Red8 25. Qe5 Qxe5 26. Bxe5 Rd5
27. Bd4 Ra5 28. Ra2 Rc4 29. h3 Rca4 30. Kh2 Rxa3 31. Rxa3 Rxa3 32. c4 Ra2 33.
c5 bxc5 34. Rxc5 h6 35. Kg3 a5 36. Bc3 a4 37. Ra5 Kh7 38. Ra7 Kg6 {(=)} 39. Ra8
f6 40. Ra5 {(=)} h5 41. h4 Ra3 42. Bb4 Rb3 43. Bc5 Rb5 44. Rxb5 Bxb5 45. Kf4 {
(=)} Bd3 46. Bd6 Kf7 47. g4 1/2-1/2

[Event "Championnat de France des Jeunes - Pupi"]
[Site "LA ROCHE SUR YON"]
[Date "2008.04.20"]
[Round "1.10"]
[White "Bertrand, Meryl"]
[Black "Scabello, Julie"]
[Result "1/2-1/2"]
[WhiteElo "1610"]
[BlackElo "1290"]
[Annotator "Salaun,Michel"]
[PlyCount "80"]
[EventDate "2008.04.24"]
[EventType "swiss"]
[EventRounds "6"]
[EventCountry "FRA"]

1. e4 c5 2. Nf3 Nc6 3. d4 cxd4 4. Nxd4 Nf6 5. Nc3 g6 6. Be3 Bg7 7. Be2 O-O 8.
Qd2 d6 9. Nf3 Bd7 10. O-O a6 11. Bh6 b5 12. Bxg7 Kxg7 13. a3 Qb6 14. Nd5 Qb7
15. Nxf6 Kxf6 16. Qf4+ Kg7 17. Rad1 e5 18. Qe3 Qc7 19. h3 Rad8 20. Nh2 Be6 21.
Bg4 f5 22. exf5 Bxf5 23. Bxf5 Rxf5 24. Ng4 Rdf8 25. Qh6+ Kg8 26. Qd2 Rd8 27.
Nh6+ Kh8 28. Nxf5 gxf5 29. Qh6 Nd4 30. Rd3 f4 31. g3 Rg8 32. Kh1 Qc6+ 33. f3
fxg3 34. Qf6+ Rg7 35. Rg1 Qxc2 36. Rxg3 Qc1+ 37. Kh2 Qc2+ 38. Kh1 Qc1+ 39. Kg2
Qxb2+ 40. Kf1 Qe2+ 1/2-1/2

[Event "Championnat de France des Jeunes - Pupi"]
[Site "LA ROCHE SUR YON"]
[Date "2008.04.20"]
[Round "1.9"]
[White "Ollivier, Clemence"]
[Black "Savalle, Mathilde"]
[Result "0-1"]
[WhiteElo "1310"]
[BlackElo "1620"]
[Annotator "Salaun,Michel"]
[PlyCount "62"]
[EventDate "2008.04.24"]
[EventType "swiss"]
[EventRounds "6"]
[EventCountry "FRA"]

1. e4 c5 2. Nf3 Nc6 3. Nc3 Nf6 4. d4 cxd4 5. Nxd4 d6 6. Nxc6 bxc6 7. f3 e6 8.
Bg5 Be7 9. Qd2 O-O 10. O-O-O d5 11. Kb1 Re8 12. Be2 Qb6 13. Kc1 Rb8 14. Qd4
Qxb2+ 15. Kd2 c5 16. Qe5 d4 17. Nb1 Qb4+ 18. c3 Qb2+ 19. Ke1 Bd7 20. cxd4 cxd4
21. Qxd4 Qxd4 22. Rxd4 Rxb1+ 23. Bd1 Bb5 24. g4 Bc5 25. Rd2 Bb4 26. Rg1 Bxd2+
27. Kxd2 Rb2+ 28. Ke1 Nd7 29. f4 Nc5 30. e5 Nd3+ 31. Kf1 Rf2# 0-1

[Event "Championnat de France des Jeunes - Pupi"]
[Site "LA ROCHE SUR YON"]
[Date "2008.04.20"]
[Round "1.7"]
[White "Sarafian, Thomas"]
[Black "Bombail, Leonard"]
[Result "1-0"]
[WhiteElo "1830"]
[BlackElo "1570"]
[Annotator "Salaun,Michel"]
[PlyCount "45"]
[EventDate "2008.04.24"]
[EventType "swiss"]
[EventRounds "6"]
[EventCountry "FRA"]

1. e4 e5 2. Nf3 Nc6 3. Bb5 a6 4. Ba4 Bc5 5. c3 Nf6 6. O-O b5 7. Bc2 d6 8. d4
exd4 9. cxd4 Bb6 10. Bg5 Qe7 11. Nc3 Bg4 12. Nd5 Qe6 13. Bxf6 gxf6 14. Nxb6
cxb6 15. d5 Qd7 16. dxc6 Qxc6 17. Bb3 Rg8 18. Bd5 Qc8 19. Bxa8 Qxa8 20. Qd3 Bh3
21. Nh4 Qc8 22. Rfe1 Qg4 23. Qg3 1-0

[Event "Championnat de France des Jeunes - Pupi"]
[Site "LA ROCHE SUR YON"]
[Date "2008.04.20"]
[Round "1.8"]
[White "Massard, Aurelie"]
[Black "Abidi, Hasma"]
[Result "1-0"]
[WhiteElo "1630"]
[BlackElo "1310"]
[Annotator "Salaun,Michel"]
[PlyCount "35"]
[EventDate "2008.04.24"]
[EventType "swiss"]
[EventRounds "6"]
[EventCountry "FRA"]

1. d4 d5 2. Bf4 e6 3. e3 c6 4. Nd2 f5 5. Ngf3 Nf6 6. Bd3 Be7 7. O-O O-O 8. Ne5
Ne4 9. f3 Nxd2 10. Qxd2 Bd6 11. Qf2 g5 12. Qg3 h6 13. h4 Bxe5 14. dxe5 Nd7 15.
hxg5 hxg5 16. Bxg5 Qe8 17. Bh6+ Kf7 18. Qg7# 1-0

[Event "Championnat de France des Jeunes - Pupi"]
[Site "LA ROCHE SUR YON"]
[Date "2008.04.20"]
[Round "1.10"]
[White "Vekemans, Sylvain"]
[Black "Gautier, Clement"]
[Result "0-1"]
[WhiteElo "1570"]
[BlackElo "1811"]
[Annotator "Salaun,Michel"]
[PlyCount "130"]
[EventDate "2008.04.24"]
[EventType "swiss"]
[EventRounds "6"]
[EventCountry "FRA"]

1. b4 Nf6 2. Bb2 e6 3. a3 d5 4. e3 Bd7 5. c4 dxc4 6. Bxc4 Bd6 7. Nf3 O-O 8. O-O
b5 9. Be2 c5 10. Qb3 c4 11. Qc2 h6 12. Nc3 e5 13. d3 cxd3 14. Bxd3 a6 15. Ne4
Nxe4 16. Bxe4 Ra7 17. Nxe5 Rc7 18. Qd3 Bc6 19. Rad1 Bxe4 20. Qxe4 Qe7 21. Qd4
Bxe5 22. Qxe5 Qxe5 23. Bxe5 Rc2 24. Rd3 Nc6 25. Bc3 Rd8 26. Rxd8+ Nxd8 27. Bd4
Ne6 28. Rd1 Nxd4 29. exd4 Ra2 30. g3 Rxa3 31. d5 Kf8 32. Kg2 Ke7 33. Kh3 Rb3
34. Rd4 Rf3 35. d6+ Kd7 36. Rg4 g6 37. Rh4 h5 38. Rd4 Rxf2 39. Rd3 Rf6 40. Kh4
Rxd6 41. Rf3 f6 42. Rf2 Kc6 43. Rc2+ Kb6 44. g4 Rd4 45. h3 hxg4 46. hxg4 f5 47.
Kg3 Rxg4+ 48. Kh3 Rxb4 49. Rg2 Rg4 50. Rd2 a5 51. Kh2 a4 52. Kh1 a3 53. Kh2 g5
54. Kh1 b4 55. Kh2 b3 56. Rd3 Rb4 57. Kh1 a2 58. Rd1 b2 59. Rd6+ Ka5 60. Kh2
b1=Q 61. Rd5+ Rb5 62. Rd2 Rb2 63. Rxb2 Qxb2+ 64. Kh3 a1=R 65. Kg3 Ra3# 0-1